000 00603nam a2200133Ia 4500
008 220216s9999 xx 000 0 und d
100 _aDalib Abdul Latif
_cet al
245 0 _aMalaysian Rubber Board (MRB) transfer of technology through establishment of local smallholders cooperative
260 _bClimate change, low carbon economy and sustainable natural rubber industry: Preprints of proceedings of IRRDB International Rubber Conference 2010, 18-19 October 2010 Sanya, Hainan, China, pp. 85-91.
650 _aCooperative
650 _aSmallholder
650 _aTransfer of technology
942 _cJS
999 _c62396
_d62396